|
|
|
|
| LEADER |
01040nam/a2200265/a/4500 |
| 001 |
4288 |
| 003 |
BD-DhAAL |
| 008 |
090409s1986////enkab/////////01/0//eng/d |
| 999 |
|
|
|c 280
|d 280
|
| 020 |
|
|
|a 0951105906
|
| 020 |
|
|
|a 9780951105900
|
| 040 |
|
|
|a UKM
|c UKM
|d AGL
|d BD-DhAAL
|
| 082 |
0 |
0 |
|a 636.5
|2 22
|
| 100 |
1 |
|
|a Carefoot, W. C.
|q (W Clive)
|9 41576
|
| 245 |
1 |
0 |
|a Creative poultry breeding /
|c W.C. Carefoot.
|
| 260 |
|
|
|a Chipping Preston, England :
|b W.C. Carefoot,
|c 1986
|
| 300 |
|
|
|a 200 pages, 8 pages of plates :
|b illustrations (some colors), ports. (some colors) ;
|c 22 cm.
|
| 504 |
|
|
|a Includes bibliographical references (pages 197-200).
|
| 541 |
1 |
|
|e 4288
|
| 650 |
|
0 |
|a Poultry breeds.
|9 41577
|
| 650 |
|
0 |
|a Poultry
|x Genetics.
|9 41578
|
| 650 |
|
0 |
|a Pharmacy.
|9 44796
|
| 852 |
|
|
|a Ayesha Abed Library
|c General Stacks
|
| 942 |
|
|
|2 ddc
|c BK
|
| 952 |
|
|
|0 0
|1 0
|2 ddc
|4 0
|6 636_500000000000000_CAR_1986
|7 0
|9 17645
|a BRACUL
|b BRACUL
|c GEN
|d 2011-07-26
|g 0.00
|l 1
|o 636.5 CAR
|p 3010004288
|r 2020-03-16
|s 2020-03-16
|t 1
|w 2011-07-26
|y BK
|z Not price in Register
|